| 000 | 00000cam 2200000zi 4500 |
| 001 | 9.949812 |
| 003 | CaOODSP |
| 005 | 20251208142748 |
| 006 | m o d f |
| 007 | cr cn||||||||| |
| 008 | 250404r20252025quca ob f000 0 eng d |
| 020 | |a9780660768274 |
| 040 | |aCaOODSP|beng|erda|cCaOODSP |
| 043 | |an-cn--- |
| 086 | 1 |aP29-182-001-2025E-PDF |
| 245 | 00|aFlammability and labelling requirements for tents. |
| 250 | |a[April 2025 edition]. |
| 264 | 1|aGatineau, (Quebec) Canada : |bCanadian General Standards Board : |bStandards Council of Canada, |c2025. |
| 264 | 4|c©2025 |
| 300 | |a1 online resource ([4], 26 pages) : |billustrations. |
| 336 | |atext|btxt|2rdacontent |
| 337 | |acomputer|bc|2rdamedia |
| 338 | |aonline resource|bcr|2rdacarrier |
| 490 | 1 |aNational standard of Canada ; |vCAN/CGSB-182.1-2025 |
| 500 | |a"Published April 2025." |
| 500 | |a"Corrigendum No. 1, December 2025." |
| 500 | |a"Supersedes CAN/CGSB-182.1-2020, Corrigendum No. 1, June 2024." |
| 500 | |aIssued also in French under title: Exigences relatives à l'inflammabilité et à l'étiquetage des tentes. |
| 504 | |aIncludes bibliographical references. |
| 520 | |a"This standard applies to consumer tents for outdoor use (including tents intended for both indoor and outdoor use), such as camping tents, backpacking tents, suspended tents, teepees, children’s tents, tent trailers, ice-fishing tents, dining shelters, sun shelters and screen houses"--Scope, page 1. |
| 650 | 0|aTents|xFires and fire prevention|xStandards|zCanada. |
| 650 | 0|aTextile fabrics|xFire testing|xStandards|zCanada. |
| 650 | 0|aTents|xLabeling|xStandards|zCanada. |
| 710 | 2 |aCanadian General Standards Board, |eissuing body. |
| 710 | 2 |aStandards Council of Canada, |eissuing body. |
| 775 | 08|tExigences relatives à l'inflammabilité et à l'étiquetage des tentes.|w(CaOODSP)9.949814 |
| 795 | |tFlammability and labelling requirements for tents.|b[April 2020 edition]|w(CaOODSP)9.885670 |
| 830 | #0|aNational standard of Canada ;|vno. 182.1-2025.|w(CaOODSP)9.507848 |
| 856 | 40|qPDF|s1.36 MB|uhttps://publications.gc.ca/collections/collection_2025/ongc-cgsb/P29-182-001-2025-eng.pdf|zCorrigendum No. 1, December 2025 |